[Event "NCA-ch op"]
[Site "Managua"]
[Date "2021.09.12"]
[Round "8"]
[White "Berrios, Natanael"]
[Black "Estrada, Miguel"]
[Result "1/2-1/2"]
[WhiteElo "1826"]
[BlackElo "1876"]
[PlyCount "42"]
[EventDate "2021.08.28"]
[EventType "swiss"]
[EventRounds "9"]
[EventCountry "NCA"]
[SourceTitle "EXT 2023"]
[Source "ChessBase"]
[SourceDate "2022.10.05"]
[SourceVersion "1"]
[SourceVersionDate "2022.10.05"]
[SourceQuality "1"]

1. e4 c5 2. Nf3 d6 3. d4 cxd4 4. Nxd4 Nf6 5. Nc3 a6 6. Be3 e6 7. f3 Qc7 8. Qd2 h5 9. 0-0-0 Nbd7 10. Kb1 b5 11. Bd3 Bb7 12. h3 b4 13. Nce2 d5 14. e5 Nxe5 15. Bf4 Bd6 16. Bxe5 Bxe5 17. Qxb4 Bd6 18. Qa4+ Qd7 19. Qxd7+ Nxd7 20. Rhe1 0-0-0 21. Nc1 Nc5 1/2-1/2

[Event "NCA-ch op"]
[Site "Managua"]
[Date "2021.09.12"]
[Round "9"]
[White "Estrada, Miguel"]
[Black "Berrios Vanegas, Yanko Antonio"]
[Result "1-0"]
[WhiteElo "1876"]
[BlackElo "1424"]
[PlyCount "31"]
[EventDate "2021.08.28"]
[EventType "swiss"]
[EventRounds "9"]
[EventCountry "NCA"]
[SourceTitle "EXT 2023"]
[Source "ChessBase"]
[SourceDate "2022.10.05"]
[SourceVersion "1"]
[SourceVersionDate "2022.10.05"]
[SourceQuality "1"]

1. e4 e5 2. Nf3 d6 3. d4 exd4 4. Nxd4 Nf6 5. Nc3 Be7 6. Bc4 Nc6 7. Be3 a6 8. f3 Ne5 9. Bb3 c6 10. Qd2 b5 11. f4 Ng6 12. Nxc6 Qd7 13. Nxe7 Qxe7 14. 0-0-0 b4 15. Nd5 Nxe4 16. Qxb4 1-0

[Event "NCA-ch op"]
[Site "Managua"]
[Date "2021.09.05"]
[Round "6"]
[White "Vanegas Lopez, Natanael Emanuel"]
[Black "Estrada, Miguel"]
[Result "1-0"]
[WhiteElo "1686"]
[BlackElo "1876"]
[PlyCount "81"]
[EventDate "2021.08.28"]
[EventType "swiss"]
[EventRounds "9"]
[EventCountry "NCA"]
[SourceTitle "EXT 2023"]
[Source "ChessBase"]
[SourceDate "2022.10.05"]
[SourceVersion "1"]
[SourceVersionDate "2022.10.05"]
[SourceQuality "1"]

1. d4 Nf6 2. c4 g6 3. Nc3 Bg7 4. e4 d6 5. Nf3 0-0 6. Be2 e5 7. 0-0 Nc6 8. d5 Ne7 9. Ne1 Nd7 10. b4 f5 11. f3 Nf6 12. Nd3 c6 13. Be3 cxd5 14. cxd5 Bd7 15. Rc1 a6 16. a4 f4 17. Bf2 g5 18. Qb3 Kh8 19. a5 Qe8 20. Nb2 Qg6 21. Nc4 Ne8 22. Nb6 Rd8 23. Nxd7 Rxd7 24. Qa4 Nf6 25. b5 axb5 26. Bxb5 Rdd8 27. Bb6 Rc8 28. Bd7 Ra8 29. Be6 Qe8 30. Qxe8 Nxe8 31. Nb5 Bf6 32. Bd7 Ng6 33. Bxe8 Rfxe8 34. Nc7 h5 35. Nxe8 Rxe8 36. Rc7 Rb8 37. Rfc1 Ne7 38. Ba7 Ra8 39. Rxb7 g4 40. Rb8+ Rxb8 41. Bxb8 1-0

[Event "NCA-ch op"]
[Site "Managua"]
[Date "2021.08.28"]
[Round "1"]
[White "Estrada, Miguel"]
[Black "Moncada, Orlando Jose"]
[Result "1-0"]
[WhiteElo "1876"]
[BlackElo "1466"]
[PlyCount "55"]
[EventDate "2021.08.28"]
[EventType "swiss"]
[EventRounds "9"]
[EventCountry "NCA"]
[SourceTitle "EXT 2023"]
[Source "ChessBase"]
[SourceDate "2022.10.05"]
[SourceVersion "1"]
[SourceVersionDate "2022.10.05"]
[SourceQuality "1"]

1. e4 c5 2. Nf3 Nc6 3. d4 cxd4 4. Nxd4 g6 5. Nc3 Bg7 6. Be3 d6 7. Qd2 e6 8. 0-0-0 Nge7 9. f3 0-0 10. h4 f5 11. h5 Nxd4 12. Bxd4 Bxd4 13. Qxd4 e5 14. Bc4+ Kg7 15. Qxd6 Qxd6 16. Rxd6 fxe4 17. Nxe4 Bf5 18. hxg6 hxg6 19. Ng5 Rh8 20. Rhd1 Nc6 21. g4 Bc8 22. c3 Rf8 23. Rh1 Rh8 24. Rxh8 Kxh8 25. Rxg6 Bd7 26. Nf7+ Kh7 27. Bd3 Nd8 28. Rg5+ 1-0

[Event "Managua Ramirez de Arellano Memorial"]
[Site "Managua"]
[Date "2021.07.17"]
[Round "4"]
[White "Moncada, Orlando Jose"]
[Black "Estrada, Miguel"]
[Result "1/2-1/2"]
[WhiteElo "1466"]
[BlackElo "1876"]
[PlyCount "138"]
[EventDate "2021.07.10"]
[EventType "swiss"]
[EventRounds "9"]
[EventCountry "NCA"]
[SourceTitle "EXT 2023"]
[Source "ChessBase"]
[SourceDate "2022.10.05"]
[SourceVersion "1"]
[SourceVersionDate "2022.10.05"]
[SourceQuality "1"]

1. d4 Nf6 2. Bf4 g6 3. Nf3 Bg7 4. e3 0-0 5. Be2 d6 6. 0-0 b6 7. c4 Bb7 8. Nc3 Nh5 9. Bg3 Nxg3 10. hxg3 Nd7 11. Rc1 e5 12. d5 f5 13. Qd2 a6 14. b4 Qe7 15. a3 Rf7 16. Nh2 Raf8 17. f4 e4 18. Bd1 Qf6 19. Ne2 Ra8 20. Nd4 Nf8 21. g4 Qh4 22. g5 h6 23. gxh6 Qxh6 24. g3 Bf6 25. Rf2 Rh7 26. Rg2 a5 27. b5 Re8 28. g4 fxg4 29. Bxg4 Bxd4 30. Qxd4 Qg7 31. Qd2 Qf6 32. Rf1 Rg7 33. Qf2 Bc8 34. Bxc8 Rxc8 35. Ng4 Qe7 36. Nh6+ Kh8 37. Rh2 Nh7 38. Qg3 Rf8 39. Kf2 Qf6 40. Kg1 Qc3 41. Kh1 Qxc4 42. Qe1 Qxd5 43. a4 Qc5 44. Ng4 Rf5 45. Qa1 Rh5 46. Rff2 Qf5 47. Rfg2 Rxh2+ 48. Kxh2 Qe6 49. Kg1 g5 50. Nf2 Qf6 51. Qxf6 Nxf6 52. fxg5 Nd5 53. Nxe4 Nxe3 54. Rg3 Nd5 55. Kf2 Rf7+ 56. Ke2 Kg7 57. Rf3 Rxf3 58. Kxf3 Kg6 59. Kg4 Ne3+ 60. Kf4 Nc4 61. Nc3 Nb2 62. Kg4 Nd3 63. Nd5 Ne5+ 64. Kf4 Nd3+ 65. Kg4 Nc5 66. Nc3 Ne6 67. Nd5 Nc5 68. Nc3 Ne6 69. Nd5 Nc5 1/2-1/2

[Event "Managua Ramirez de Arellano Memorial"]
[Site "Managua"]
[Date "2021.07.11"]
[Round "3"]
[White "Estrada, Miguel"]
[Black "Godoy Barbosa, Jaime"]
[Result "1-0"]
[WhiteElo "1876"]
[BlackElo "1502"]
[PlyCount "91"]
[EventDate "2021.07.10"]
[EventType "swiss"]
[EventRounds "9"]
[EventCountry "NCA"]
[SourceTitle "EXT 2023"]
[Source "ChessBase"]
[SourceDate "2022.10.05"]
[SourceVersion "1"]
[SourceVersionDate "2022.10.05"]
[SourceQuality "1"]

1. e4 g6 2. d4 d6 3. Nc3 Bg7 4. Be3 Nf6 5. f3 0-0 6. Qd2 Nbd7 7. h4 Nh5 8. Bc4 Nb6 9. Bb3 Be6 10. d5 Ng3 11. Rh2 Bd7 12. Bh6 e5 13. 0-0-0 a5 14. a3 f5 15. Bxg7 Kxg7 16. Nge2 Nxe2+ 17. Qxe2 a4 18. Ba2 f4 19. Kb1 Qf6 20. Nb5 Qd8 21. Nc3 h5 22. Rg1 Kh7 23. Nd1 c5 24. dxc6 Bxc6 25. Nc3 Qe7 26. Qf2 Nd7 27. g4 Nf6 28. gxh5 Nxh5 29. Qg2 Rf6 30. Qg5 Qg7 31. Rhg2 Qh6 32. Qg4 Rd8 33. Nd5 Bxd5 34. Bxd5 b5 35. Rd1 Ng3 36. Bc6 Rb8 37. Bxb5 Qg7 38. Bxa4 Qa7 39. Qd7+ Qxd7 40. Bxd7 Rb7 41. Ba4 Rb6 42. Rgd2 Nh5 43. Rd3 Ng7 44. Bb3 Ne8 45. Rc3 Kh6 46. Rc8 1-0

[Event "NCA-chT final"]
[Site "Managua"]
[Date "2019.11.16"]
[Round "9.4"]
[White "Berrios, Natanael"]
[Black "Estrada, Miguel"]
[Result "1/2-1/2"]
[WhiteElo "1817"]
[BlackElo "1883"]
[PlyCount "108"]
[EventDate "2019.10.26"]
[EventType "team-tourn"]
[EventRounds "11"]
[EventCountry "NCA"]
[SourceTitle "EXT 2021"]
[Source "ChessBase"]
[SourceDate "2020.10.23"]
[SourceVersion "1"]
[SourceVersionDate "2020.10.23"]
[SourceQuality "1"]
[WhiteTeam "Jose Raul Capablanca"]
[BlackTeam "Clemente Guido"]
[WhiteTeamCountry "NCA"]
[BlackTeamCountry "NCA"]

1. e4 c5 2. Nf3 d6 3. d4 cxd4 4. Nxd4 Nf6 5. Nc3 a6 6. f3 e5 7. Nb3 Be6 8. Be3 Nbd7 9. Qd2 Qc7 10. 0-0-0 Rc8 11. Kb1 b5 12. g4 h6 13. h4 b4 14. Nd5 Bxd5 15. exd5 a5 16. Rg1 a4 17. Nc1 a3 18. Rg2 axb2 19. Nb3 Qc3 20. g5 hxg5 21. hxg5 Qxd2 22. Rgxd2 Nh5 23. Rh2 g6 24. Rh4 Bg7 25. Rxb4 0-0 26. Rb7 Rfd8 27. Bh3 f5 28. gxf6 Nhxf6 29. Be6+ Kf8 30. Rg1 Rc3 31. Bd2 Rxf3 32. Bb4 e4 33. Bxd6+ Ke8 34. Nd4 Rf2 35. Nb5 Rc8 36. Bg3 Rcxc2 37. Nd6+ Kd8 38. Bxf2 Rxf2 39. Nxe4 Nxe4 40. Rxd7+ Ke8 41. Rc7 Nc3+ 42. Rxc3 Bxc3 43. d6 g5 44. Bg4 Bf6 45. a3 Be5 46. Bd1 Kd7 47. Bc2 Kxd6 48. Rxg5 Rf1+ 49. Ka2 Ra1+ 50. Kb3 Bf6 51. Rg6 b1Q+ 52. Bxb1 Rxb1+ 53. Kc4 Rf1 54. a4 Kc6 1/2-1/2

[Event "NCA-chT fase1"]
[Site "Managua"]
[Date "2019.10.06"]
[Round "5.4"]
[White "Estrada, Miguel"]
[Black "Briceno Sandino, Bryan Andres"]
[Result "1/2-1/2"]
[WhiteElo "1883"]
[BlackElo "1524"]
[PlyCount "39"]
[EventDate "2019.09.28"]
[EventType "team-swiss"]
[EventRounds "9"]
[EventCountry "NCA"]
[SourceTitle "CBM 194 Extra"]
[Source "ChessBase"]
[SourceDate "2020.03.31"]
[SourceVersion "1"]
[SourceVersionDate "2020.03.31"]
[SourceQuality "1"]
[WhiteTeam "Clemente Guido"]
[BlackTeam "Universidad de Ingenieria"]
[WhiteTeamCountry "NCA"]
[BlackTeamCountry "NCA"]

1. e4 e6 2. d4 d5 3. Nd2 c5 4. Ngf3 Nc6 5. c3 Qb6 6. Bd3 cxd4 7. 0-0 dxc3 8. bxc3 Nf6 9. e5 Nd7 10. Re1 g6 11. Nb3 Bg7 12. Bf4 Qc7 13. Qd2 0-0 14. h4 b6 15. Rac1 Nc5 16. Nxc5 bxc5 17. h5 Bb7 18. g3 Rab8 19. Qe3 Ne7 20. g4 1/2-1/2

[Event "NCA-chT Primera Division"]
[Site "Managua"]
[Date "2012.02.19"]
[Round "5.11"]
[White "Medrano, Randall"]
[Black "Estrada, Miguel"]
[Result "1-0"]
[WhiteElo "1991"]
[BlackElo "1870"]
[PlyCount "59"]
[EventDate "2012.02.17"]
[EventType "swiss"]
[EventRounds "9"]
[EventCountry "NCA"]
[SourceTitle "EXT 2024"]
[Source "ChessBase"]
[SourceDate "2023.10.10"]
[SourceVersion "1"]
[SourceVersionDate "2023.10.10"]
[SourceQuality "1"]

1. d4 Nf6 2. c4 g6 3. Nc3 Bg7 4. e4 0-0 5. f3 d6 6. Be3 e5 7. Nge2 c6 8. Qd2 Qa5 9. h4 exd4 10. Nxd4 d5 11. Nb3 Qc7 12. cxd5 cxd5 13. exd5 Qg3+ 14. Qf2 Qe5 15. 0-0-0 Bf5 16. Bd4 Bh6+ 17. Nd2 Qd6 18. g4 Bxd2+ 19. Rxd2 Bd7 20. Bc5 Qf4 21. Bxf8 Kxf8 22. Qd4 Qd6 23. g5 Ng8 24. h5 Na6 25. hxg6 hxg6 26. Bxa6 bxa6 27. Rdh2 Rb8 28. Rh8 Ke7 29. Re1+ Be6 30. Qxa7+ 1-0

[Event "NCA-chT Primera Division"]
[Site "Managua"]
[Date "2012.02.17"]
[Round "3.6"]
[White "Ortiz, Marcos"]
[Black "Estrada, Miguel"]
[Result "1-0"]
[WhiteElo "2162"]
[BlackElo "1870"]
[PlyCount "47"]
[EventDate "2012.02.17"]
[EventType "swiss"]
[EventRounds "9"]
[EventCountry "NCA"]
[SourceTitle "EXT 2024"]
[Source "ChessBase"]
[SourceDate "2023.10.10"]
[SourceVersion "1"]
[SourceVersionDate "2023.10.10"]
[SourceQuality "1"]

1. e4 c5 2. Nf3 d6 3. d4 cxd4 4. Nxd4 Nf6 5. Nc3 a6 6. Bg5 e6 7. f4 h6 8. Bh4 Be7 9. Qf3 Qc7 10. 0-0-0 b5 11. e5 Bb7 12. Qg3 dxe5 13. fxe5 g5 14. exf6 Bd6 15. Qe1 Bf4+ 16. Kb1 gxh4 17. Bxb5+ axb5 18. Nxe6 fxe6 19. Qxe6+ Kf8 20. Rhe1 Bc6 21. Nd5 Qf7 22. Qc8+ Be8 23. Re7 Qh5 24. Rde1 1-0